| 000 | 00461nam a22001577a 4500 | ||
|---|---|---|---|
| 003 | macl | ||
| 005 | 20190925164340.0 | ||
| 008 | 190925b xxu||||| |||| 00| 0 eng d | ||
| 040 | _cmacl | ||
| 082 | _a891.433/PUR/N | ||
| 100 |
_aपुरोहित,रीनू _976814 |
||
| 245 | _aलावण्य | ||
| 260 |
_aओडिशा _bशबनम पुस्तक महल _c2013 |
||
| 650 |
_aउपन्यास _976815 |
||
| 942 |
_2ddc _cHIN |
||
| 999 |
_c61111 _d61111 |
||